Oddities of Heat / (Record no. 8400)
[ view plain ]
| 000 -LEADER | |
|---|---|
| fixed length control field | 00717nam a2200265 a 4500 |
| 001 - CONTROL NUMBER | |
| JCCL Control Number | 8400 |
| 003 - CONTROL NUMBER IDENTIFIER | |
| JCCL marc code | BD-JhCC |
| 005 - DATE AND TIME OF LATEST TRANSACTION | |
| control field | 20180305201920.0 |
| 008 - FIXED-LENGTH DATA ELEMENTS--GENERAL INFORMATION | |
| fixed length control field | 890523r19511958enka 000 0 eng d |
| 035 ## - SYSTEM CONTROL NUMBER | |
| system control number | (BD-JhCC)8400 |
| 035 ## - SYSTEM CONTROL NUMBER | |
| system control number | recon |
| 040 ## - CATALOGING SOURCE | |
| Original cataloging agency | AAA |
| Transcribing agency | AAA |
| Modifying agency | UKM |
| -- | BD-JhCC |
| 041 ## - LANGUAGE CODE | |
| Language code of Book | eng |
| 082 04 - DEWEY DECIMAL CLASSIFICATION NUMBER | |
| Classification number | 536 |
| Author mark and Year | MCK 1958 |
| 090 ## - LOCALLY ASSIGNED LC-TYPE CALL NUMBER (OCLC); LOCAL CALL NUMBER (OCLC) | |
| Classification number (OCLC) (R) ; Classification number, CALL (RLIN) (NR) | QC255 |
| Local cutter number (OCLC) ; Book number/undivided call number, CALL (RLIN) | .M3 |
| 100 1# - MAIN ENTRY--PERSONAL NAME | |
| Personal name | McKay, Herbert, |
| Dates associated with a name | 1881- |
| 245 10 - TITLE STATEMENT | |
| Title | Oddities of Heat / |
| Statement of responsibility, etc | Herbert McKay, |
| 260 ## - PUBLICATION, DISTRIBUTION, ETC. (IMPRINT) | |
| Place of publication, distribution, etc | London : |
| Name of publisher, distributor, etc | Oxford University Press, |
| Date of publication, distribution, etc | 1951. [Reprinted 1958] |
| 300 ## - PHYSICAL DESCRIPTION | |
| Pagination | 216 p. : |
| Other physical details | illus. |
| Dimensions | 18 cm. |
| 490 0# - SERIES STATEMENT | |
| Series statement | New playbooks of science |
| 500 ## - GENERAL NOTE | |
| General note | illustrated with diagrams by F. Nellis Mann. |
| 650 #0 - SUBJECT ADDED ENTRY--TOPICAL TERM | |
| Topical term or geographic name as entry element | Heat. |
| 942 ## - ADDED ENTRY ELEMENTS (KOHA) | |
| Source of classification or shelving scheme | Dewey Decimal Classification |
| Koha item type | Books |
| Source of classification or shelving scheme | Damaged status | Not for loan | Home library | Current library | Shelving location | Date of accession | Total Checkouts | Full call number | Barcode | Date last seen | Copy number | Koha item type |
|---|---|---|---|---|---|---|---|---|---|---|---|---|
| Dewey Decimal Classification | JCC Rouf Library | JCC Rouf Library | General Stacks | 02/22/2018 | 536 MCK 1958 | 10742 | 02/22/2018 | C - 1 | Books | |||
| Dewey Decimal Classification | JCC Rouf Library | JCC Rouf Library | General Stacks | 536 MCK 1958 | 11652 | 03/05/2018 | C - 2 | Books | ||||
| Dewey Decimal Classification | JCC Rouf Library | JCC Rouf Library | Children's Area | 536 MCK 1958 | 11651 | 03/05/2018 | C - 3 | Books |